Statistics for Countries With More Than 60% English Speakers

Click here to take the quiz!

General Stats

  • This quiz has been taken 127 times
  • The average score is 29 of 40

Answer Stats

%PopulationCountry% Correct
95.81251,388,301United States
99%
98.374,350,000Ireland
97%
97.7459,600,000United Kingdom
97%
85.6328,360,240Canada
96%
97.823,673,623New Zealand
95%
9717,357,833Australia
89%
97.642,650,000Jamaica
86%
7046,272,504Germany
85%
904,500,000Norway
85%
868,200,000Sweden
85%
9015,030,000Netherlands
84%
703,800,000Finland
83%
864,770,000Denmark
81%
98.57275,000Barbados
79%
606,250,000Belgium
79%
81.65246,000Belize
78%
7839,000Saint Kitts and Nevis
78%
87.13288,000Bahamas
77%
83.14,218,737Singapore
77%
87.741,145,000Trinidad and Tobago
77%
95114,000Saint Vincent and the Grenadines
76%
8068,000Antigua and Barbuda
73%
90.91100,000Grenada
72%
90.55680,000Guyana
71%
89400,000Malta
71%
61.284,680,000Switzerland
68%
736,150,000Austria
65%
94.0363,000Dominica
63%
84.976,205,000Israel
63%
96.269,500Nauru
62%
92.5889,800,800Phillippines
62%
98.3360,000Marshall Islands
55%
92.518,500Palau
54%
62.5715,580,000Malaysia
52%
83.55180,000Vanuatu
52%
73610,000Cyprus
50%
66.6718,000,000Ghana
40%
87.09410,000Suriname
40%
82.673,100,000Liberia
35%
83.534,900,000Sierra Leone
31%

Score Distribution

Percentile by Number Answered

Percent of People with Each Score

Your Score History

You have not taken this quiz